<?xml version="1.0" encoding="UTF-8"?>
<record
    xmlns:xsi="http://www.w3.org/2001/XMLSchema-instance"
    xsi:schemaLocation="http://www.loc.gov/MARC21/slim http://www.loc.gov/standards/marcxml/schema/MARC21slim.xsd"
    xmlns="http://www.loc.gov/MARC21/slim">

  <leader>01375nam a22002057a 4500</leader>
  <controlfield tag="003">IT-MiCISF</controlfield>
  <controlfield tag="005">20250715110454.0</controlfield>
  <controlfield tag="008">250715b        |||||||| |||| 00| 0 eng d</controlfield>
  <datafield tag="040" ind1=" " ind2=" ">
    <subfield code="c">IT-MiCISF</subfield>
  </datafield>
  <datafield tag="100" ind1=" " ind2=" ">
    <subfield code="a">Mann Thomas</subfield>
    <subfield code="9">62459</subfield>
  </datafield>
  <datafield tag="245" ind1=" " ind2=" ">
    <subfield code="a">Sul matrimonio - Brindisi a Katja</subfield>
  </datafield>
  <datafield tag="260" ind1=" " ind2=" ">
    <subfield code="a">Milano, </subfield>
    <subfield code="b">SE, </subfield>
    <subfield code="c">1999</subfield>
  </datafield>
  <datafield tag="300" ind1=" " ind2=" ">
    <subfield code="a">pp. 69</subfield>
  </datafield>
  <datafield tag="500" ind1=" " ind2=" ">
    <subfield code="a">matrimonio, cultura</subfield>
  </datafield>
  <datafield tag="501" ind1=" " ind2=" ">
    <subfield code="a">Traduzioni di Italo Alighiero Chiusano e Lavinia Mazzucchetti. Con uno scritto di Anna Maria Carpi</subfield>
  </datafield>
  <datafield tag="520" ind1=" " ind2=" ">
    <subfield code="a">Il saggio, scritto in occasione del cinquantesimo compleanno di Mann e in un periodo di riflessione morale per la Germania, assume anche i contorni di un'autobiografia spirituale, in cui Mann riflette sul suo matrimonio con Katia e sul suo rapporto con la societ&#xE0; borghese. L'opera, quindi, non &#xE8; solo un elogio del matrimonio, ma anche una riflessione sulla condizione umana, sulla forza dell'amore e sulla complessit&#xE0; delle relazioni interpersonali. In questo saggio, Mann non si limita a una mera difesa del matrimonio, ma lo analizza come un'istituzione che richiede impegno, sacrificio e un continuo lavoro di adattamento reciproco. Il matrimonio &#xE8; visto come un percorso di crescita e di realizzazione personale, in cui entrambi i coniugi contribuiscono alla costruzione di una vita comune. </subfield>
  </datafield>
  <datafield tag="650" ind1=" " ind2=" ">
    <subfield code="a">Matrimonio</subfield>
  </datafield>
  <datafield tag="654" ind1=" " ind2=" ">
    <subfield code="a">saggio</subfield>
  </datafield>
  <datafield tag="942" ind1=" " ind2=" ">
    <subfield code="2">ddc</subfield>
    <subfield code="c">BK</subfield>
  </datafield>
  <datafield tag="999" ind1=" " ind2=" ">
    <subfield code="c">360585</subfield>
    <subfield code="d">360585</subfield>
  </datafield>
  <datafield tag="952" ind1=" " ind2=" ">
    <subfield code="0">0</subfield>
    <subfield code="1">0</subfield>
    <subfield code="2">ddc</subfield>
    <subfield code="4">0</subfield>
    <subfield code="6">B_4964_000000000000000</subfield>
    <subfield code="7">1</subfield>
    <subfield code="a">CISF</subfield>
    <subfield code="b">CISF</subfield>
    <subfield code="d">2025-07-15</subfield>
    <subfield code="l">0</subfield>
    <subfield code="o">B4964</subfield>
    <subfield code="r">2025-07-15 11:05:12</subfield>
    <subfield code="w">2025-07-15</subfield>
    <subfield code="y">BK</subfield>
  </datafield>
</record>
